Baitarani and Blue Hills/ (Record no. 196622)

MARC details
000 -LEADER
fixed length control field 00526nam a22001937a 4500
005 - DATE AND TIME OF LATEST TRANSACTION
control field 20230814160016.0
010 ## - LCCN (DPL NO)
LC control number ENG-137451
020 ## - INTERNATIONAL STANDARD BOOK NUMBER
Terms of availability 500.00
035 ## - SYSTEM CONTROL NUMBER
System control number EN-120983
037 ## - SOURCE OF ACQUISITION
Source of stock number/acquisition DBAD/PUB
082 ## - DEWEY DECIMAL CLASSIFICATION NUMBER
Classification number 954.54
100 ## - MAIN ENTRY--PERSONAL NAME
Personal name Singh,P.K
245 ## - TITLE STATEMENT
Title Baitarani and Blue Hills/
Statement of responsibility, etc By P.K Singh,
260 ## - PUBLICATION, DISTRIBUTION, ETC. (IMPRINT)
Place of publication, distribution, etc KOLKATA
Name of publisher, distributor, etc MILLENNIUM PRESS TOLLY RESIDENCY
270 ## - ADDRESS
Address 339, NSC BOSE ROAD
City KOLKATA
Postal code 700047
300 ## - PHYSICAL DESCRIPTION
Extent 566p.
Dimensions 22cm,
700 ## - ADDED ENTRY--PERSONAL NAME
Personal name MICHEAL A COLLINS
942 ## - ADDED ENTRY ELEMENTS (KOHA)
Source of classification or shelving scheme Dewey Decimal Classification
Item type English Books
Call number suffix SIN
Classification part 954.54
Holdings
Withdrawn status Lost status Not for loan Collection code Home library Current library Date acquired Source of acquisition Cost, normal purchase price Full call number Barcode Copy number Cost, replacement price Koha item type
      Non-fiction Kadipur Kadipur 19/07/2023 DBAD/PUB 500.00 954.54 SIN EN-120983 1 500.00 English Books

© Delhi Public Library
Hit Counter
free hit counter